Statistics for Orta Doğu Bayrakları

Click here to take the quiz!

General Stats

  • This quiz has been taken 1 934 times
    (1 899 since last reset)
  • The average score is 13 of 16

Answer Stats

Answer% Correct
Türkiye
100%
İsrail
99%
Suudi Arabistan
95%
İran
93%
Mısır
92%
Lübnan
91%
Katar
90%
Kıbrıs
90%
Suriye
90%
Irak
89%
Bahreyn
79%
Yemen
75%
Ürdün
69%
Birleşik Arap Emirlikleri
67%
Kuveyt
63%
Umman
62%

Score Distribution

Percentile by Number Answered

Percent of People with Each Score

Your Score History

You have not taken this quiz since the last reset